| Tag |
First Indicator |
Second Indicator |
Subfields |
| LEADER |
00000cam a2200000 4500 |
| 001 |
in00001925987 |
| 006 |
m | d | |
| 007 |
cr |n||||||||n |
| 008 |
790922s1789 enk|||| s 00||||eng d |
| 005 |
20260413205710.8 |
| 035 |
|
|
|a (CStRLIN)ESTCT49516
|
| 040 |
|
|
|a Uk-ES
|c Uk-ES
|d Cu-RivES
|d CStRLIN
|d Thomson Gale
|d UtOrBLW
|
| 100 |
1 |
|
|a Bowles, William Lisle,
|d 1762-1850.
|
| 245 |
1 |
0 |
|a Sonnets, written chiefly on picturesque spots, during a tour, by the reverend W. L. Bowles.
|
| 250 |
|
|
|a The second edition, corrected, with additions.
|
| 264 |
|
3 |
|a Bath :
|b printed and sold by R. Cruttwell; sold also by C. Dilly, London; and J. Rann, Oxford,
|c 1789.
|
| 300 |
|
|
|a 31, 1 unnumbered page ;
|c 4⁰.
|
| 336 |
|
|
|a text
|b txt
|2 rdacontent
|
| 337 |
|
|
|a computer
|b c
|2 rdamedia
|
| 338 |
|
|
|a online resource
|b cr
|2 rdacarrier
|
| 500 |
|
|
|a With a half-title.
|
| 500 |
|
|
|a Reproduction of original from the British Library.
|
| 510 |
4 |
|
|a English Short Title Catalog,
|c ESTCT49516.
|
| 533 |
|
|
|a Electronic reproduction.
|b Farmington Hills, Mich. :
|c Thomson Gale,
|d 2003.
|n Available via the World Wide Web.
|n Access limited by licensing agreements
|7 s2003 miunns
|
| 500 |
|
|
|a Electronic resource.
|
| 830 |
|
0 |
|a Eighteenth century collections online.
|
| 856 |
4 |
0 |
|u http://proxy.library.tamu.edu/login?url=https://galenet.galegroup.com/servlet/ECCO?c=1&stp=Author&ste=11&af=BN&ae=T049516&tiPG=1&dd=0&dc=flc&docNum=CW110222321&vrsn=1.0&srchtp=a&d4=0.33&n=10&SU=0LRK&locID=txshracd2898
|z Full text online
|t 0
|
| 999 |
|
|
|a MARS
|
| 999 |
f |
f |
|s 9cc3c49b-a542-3824-ae98-1d3140d7873b
|i 797973fa-bbe6-33f5-b259-7ecd04a0e5ec
|t 0
|
| 952 |
f |
f |
|a Texas A&M University
|b College Station
|c Electronic Resources
|s www_evans
|d Available Online
|t 0
|h No information provided
|
| 998 |
f |
f |
|t 0
|l Available Online
|